01228nam a2200241 a 450000100100000000500170001000800410002704000130006808200150008110000510009624501410014726000430028830000210033150000320035250000410038459000270042570000440045295201270049695201180062395201120074195201180085399900150097100000627220200929153917.0090827s1971 dr 001 0 spa d aDO-SdBNP axxxbF316d1 aFéliz Sánchez, Danilo Arturod1945-91752313aEl derecho cooperativo dominicano :buna introducción crítica /cDanilo Arturo Féliz Sánchez ; prólogo Leonel Rodríguez Rib. aSanto Domingo :bMundo moderno,c1971. a136 p. ;c22 cm. aIncluye datos biográficos aIncluye referencias bibliográficas aInventariado, 2019/ YL1 aRodríguez Rib, Leonel,epról917524 001054708DSaGRbGRcCTd2013-10-01iLF1l0oxxx F316dp6272-40r2020-06-25te. 3w2020-06-25yLFDSZPréstamo en sala 0010718DSaGRbGRcCTd2019-07-22iLF1l0oxxx F316dp6272-50r2020-06-25te. 4w2020-06-25yLFDSZNo se presta 0010718PDaPDbPDcCTd2009-08-27iLF1l0oxxx F316dp6272-10r2020-06-25w2020-06-25yLFPDZNo se presta 0010718PDaPDbPDcCTd2013-10-01iLF1l0oxxx F316dp6272-30r2020-06-25te. 2w2020-06-25yLFPDZNo se presta c6067d6067